• 首页
  • 本馆介绍
  • 公告通知
  • 最新文献
  • 馆藏检索
  • 电子资源
  • 读者导购
  • 参考咨询
  • 我的图书馆
  • 登录
  • 详细信息显示
  • 放入我的书架
  • 预约/预借图书
  • 作者相关作品
  • 分类相关作品
  • 丛书相关作品
  • 出版社相关作品

书目信息

  • 表格格式
  • 工作单格式
  • 卡片格式
题名:
切韵研究
    
 
作者: 邵荣芬 著
分册:  
出版信息: 北京   中国社会科学出版社  1982
页数: 167页
开本: 25cm
丛书名:
单 册:
中图分类: H113.1
科图分类:
主题词:
电子资源:
ISBN:
000 00626nam0 2200241 45
001 0182001999
005 20060816172809.10
010    @dCNY1.75
091    @a9190.008
100    @a19950608d1982 em y0chiy0121 ea
101 0  @achi
102    @aCN@b110000
105    @ay z 000yy
106    @ar
200 10 @a切韵研究@Aqie yun yan jiu@f邵荣芬著
210    @a北京@c中国社会科学出版社@d1982
215    @a167页@d25cm
605    @a韵书@z韵代
690    @aH113.1@v3
701  0 @a邵荣芬@Ashao rong fen@4著
801  0 @aCN@b上海图书馆@c20060816
801  2 @aCN@bNLC@c20040421
905    @f2@b164531-532@dH113.1@e99@b218064@f1
    
    切韵研究/邵荣芬著.-北京:中国社会科学出版社,1982
    167页;25cm
    
    
    ISBN :CNY1.75
    
●
相关链接 在E读中查询图书 在五车中查询图书 在当当中查询图书 在豆瓣中查询图书


正题名:切韵研究     索取号:H113.1/99         预约/预借

序号 登录号 条形码 馆藏地/架位号 状态 备注
1 0164531   000831586   第四借阅区/ [索取号:H113.1/99] 在馆    
2 0164532   000831577   第四借阅区/ [索取号:H113.1/99] 在馆    
3 0164533   000831595   第二样本阅览室/ [索取号:H113.1/99] 在馆    
4 0218064   000831602   第四借阅区/ [索取号:H113.1/99] 在馆    
唐山师范学院图书馆 欢迎您!
大连网信软件有限公司© 版权所有